|
|
|
|
| LEADER |
00000nam a2200000 a 4500 |
| 001 |
vtls001126047 |
| 003 |
SK-MaSNL |
| 005 |
20260301062837.0 |
| 008 |
250414s1990 CS 0 cze |
| 035 |
|
|
|a SNK000068896
|
| 040 |
|
|
|a SNK
|b slo
|c SNK
|e AACR2
|
| 041 |
0 |
|
|a cze
|
| 044 |
|
|
|a [CS]
|
| 080 |
|
|
|a 373.2:376.352(075.8)
|2 1981
|
| 080 |
|
|
|a 376.352(075.8)
|2 1981
|
| 100 |
1 |
|
|a Ludíková, Libuše
|4 aut
|9 377692
|
| 245 |
1 |
0 |
|a Předškolní výchova zrakově postižených dětí
|c Libuše Ludíková
|
| 250 |
|
|
|a 1. vyd.
|
| 260 |
|
|
|a Olomouc
|b Univerzita Palackého
|c 1990
|
| 300 |
|
|
|a 49 s.
|c 20 cm
|
| 852 |
|
|
|a Slovenská národná knižnica
|
| 954 |
|
|
|a deti zrakovo postihnuté
|a výchova predškolská
|
| 958 |
|
|
|a OND
|
| 999 |
|
|
|c 622072
|d 624002
|
| 952 |
|
|
|t P60, <04>, [BOOK], {604}
|a SNK
|b SNK
|y VYP
|7 0
|p 17A0195162
|o snkID 91415 D1
|0 0
|1 1
|4 0
|d 1999-06-01
|l 0
|r 2004-12-31 00:00:00
|w 2026-02-23
|
| 952 |
|
|
|t P60, <04>, [BOOK], {604}
|a SNK
|b SNK
|y VYP
|7 0
|p 17A0263684
|o snkID 91415
|0 0
|1 0
|4 0
|d 2000-12-28
|l 0
|r 2004-12-31 00:00:00
|w 2026-02-23
|